000
00467nam a2200169Ia 4500
008
090711s9999 xx 000 0 und d
082
_b
42353
100
_a
मुसळे गोविंद
245
_a
उSा माणसे
260
_c
1980
300
_a
196
600
_a
मुसळे गोविंद
630
_a
उSा माणसे
700
_a
मुसळे गोविंद
730
_a
उSा माणसे
942
_c
BOOK
999
_c
294978
_d
294978